000 00567nam a2200205Ia 4500
005 20241129111325.0
008 241129s9999||||xx |||||||||||||| ||und||
037 _aTB
040 _aCRL
_beng
_cCRL
041 _aara
_2ara
084 _aO28v M7
_qCRL
100 _aAlfakhoori Hanna Au.
_9724073
245 0 _aTareekh al-adab al-arbi
_cAlfakhoori Hanna Au.
260 _aBeirut, Lebanon
_bManshurat al kutub al bta
_c1987
300 _a1116p.
365 _aINR
_b5500
650 _aArabic Literature
942 _cTB
_hO28v M7
999 _c1229923
_d1229923